书目信息 |
| 题名: |
自学参考资料
|
|
| 作者: | 苑春鸣 , 刘国鸣 , 滕梅 编著 | |
| 分册: | ||
| 出版信息: | 北京 电子工业出版社 2004.08 |
|
| 页数: | 239页 | |
| 开本: | 26cm | |
| 丛书名: | 超动力 | |
| 单 册: | ||
| 中图分类: | H310.42 | |
| 科图分类: | ||
| 主题词: | 英语--ying yu--高等学校--水平考试--自学参考资料 | |
| 电子资源: | ||
| ISBN: | 7-121-00096-2 | |
| 000 | 00999nam 2200277 450 | |
| 001 | 012006142375 | |
| 005 | 20060313172712.65 | |
| 010 | @a7-121-00096-2@dCNY22.00 | |
| 100 | @a20060313d2004 km y0chiy0120 ea | |
| 101 | 0 | @achi@aeng |
| 102 | @aCN@b110000 | |
| 105 | @ay z 000yy | |
| 200 | 1 | @a自学参考资料@Ada xue ying yu si ji kao shi da quan@f苑春鸣, 刘国鸣, 滕梅编著@Fyuan chun ming,liu guo ming,teng mei bian zhu |
| 205 | @a第2版 | |
| 210 | @a北京@c电子工业出版社@d2004.08 | |
| 215 | @a239页@d26cm | |
| 225 | 2 | @a超动力 |
| 330 | @a本书是《大学英语四级考试大全》的修订版。书中有最新的一套试题,即2004年6月的真题。全书共收集了20套试题,对考试中的重点、难点部分进行了详细的分析和解释。 | |
| 410 | 0 | @12001 @a超动力 |
| 606 | 0 | @a英语@Aying yu@x高等学校@x水平考试@x自学参考资料 |
| 690 | @aH310.42@v4 | |
| 701 | 0 | @a苑春鸣@Ayuan chun ming@4编著 |
| 701 | 0 | @a刘国鸣@Aliu guo ming@4编著 |
| 701 | 0 | @a滕梅@Ateng mei@4编著 |
| 801 | 0 | @aCN@bQSSK@c20060313 |
| 905 | @a10447@dH310.42@eY940 | |
| 自学参考资料/苑春鸣, 刘国鸣, 滕梅编著.-第2版.-北京:电子工业出版社,2004.08 |
| 239页;26cm.-(超动力) |
| ISBN 7-121-00096-2:CNY22.00 |
| 本书是《大学英语四级考试大全》的修订版。书中有最新的一套试题,即2004年6月的真题。全书共收集了20套试题,对考试中的重点、难点部分进行了详细的分析和解释。 |
| ● |
| 相关链接 |
|
|
|
正题名:自学参考资料
索取号:H310.42/Y940
 
预约/预借
| 序号 | 登录号 | 条形码 | 馆藏地/架位号 | 状态 | 备注 |
| 1 | 555615 | 205556156 | 语言库209/209语言库 98排2列6层/ [索取号:H310.42/Y940] | 在馆 | |
| 2 | 555616 | 205556165 | 语言库209/209语言库 98排2列6层/ [索取号:H310.42/Y940] | 在馆 | |
| 3 | 555617 | 205556174 | 语言库209/209语言库 98排2列6层/ [索取号:H310.42/Y940] | 在馆 | |
| 4 | 555618 | 205556183 | 语言库209/209语言库 98排2列6层/ [索取号:H310.42/Y940] | 在馆 | |
| 5 | 555619 | 205556192 | 语言库209/209语言库 98排2列6层/ [索取号:H310.42/Y940] | 在馆 |